Normal view
MARC view
- الوقف- قوانين
Entry Topical Term
001 - CONTROL NUMBER
- control field: 61307
003 - CONTROL NUMBER IDENTIFIER
- control field: JO-AjAnu
005 - DATE AND TIME OF LATEST TRANSACTION
- control field: 20230606084022.0
008 - FIXED-LENGTH DATA ELEMENTS
- fixed length control field: 230606|| aca||aabn | a|a d
040 ## - CATALOGING SOURCE
- Original cataloging agency: JO-AjAnu
- Transcribing agency: JO-AjAnu
150 ## - HEADING--TOPICAL TERM
- Topical term or geographic name entry element: الوقف- قوانين
670 ## - SOURCE DATA FOUND
- Source citation: Work cat.: (JO-AjAnu)31272: اعداد عنانزه، علي محمد قويدر؛ اشراف محمد بني مقداد, author 61306, التنظيم القانوني للوقف القضائي في الدعوى المدنية في القانون الاردني=Legal regulation to judicial suspension in the civil case in the law of jordan